12 Months Blitz Quiz Stats

 Plays Quiz Updated Jun 18, 2018

Score 0/12 Timer 00:15
19 Plays Today
% Correct
January
90%
May
88.8%
June
87.4%
March
87.4%
April
86.4%
July
83.6%
February
81.5%
August
73.4%
September
60.7%
October
50.5%
November
39.9%
December
31.4%

You're not logged in!

Compare scores with friends on all Sporcle quizzes.
OR
Log In

Sporcle TV

Today on Sporcle TV


Watch our educational content, quiz creation guides, and fun videos on Sporcle TV.

Show Comments

Extras

Top Quizzes Today


Score Distribution

Your Account Isn't Verified!

In order to create a playlist on Sporcle, you need to verify the email address you used during registration. Go to your Sporcle Settings to finish the process.

Report this User

Report this user for behavior that violates our Community Guidelines.

Details: